Statistics for National Parks in the West

Click here to take the quiz!

General Stats

  • This quiz has been taken 9 times
  • The average score is 7 of 13

Answer Stats

HintAnswer% Correct
CaliforniaDeath Valley
75%
CaliforniaJoshua Tree
75%
WashingtonOlympic
75%
OregonCrater Lake
63%
CaliforniaKings Canyon
63%
WashingtonNorth Cascades
63%
CaliforniaYosemite
63%
CaliforniaLassen Volcanic
50%
CaliforniaRedwood
50%
CaliforniaSequoia
50%
CaliforniaChannel Islands
38%
CaliforniaPinnacles
38%
WashingtonMount Rainer
13%

Score Distribution

Percentile by Number Answered

Percent of People with Each Score

Your Score History

You have not taken this quiz